Ingatlanforgalom és városépítés

Elmentve itt :
Bibliográfiai részletek
Szerző: Halász Miklós
Dokumentumtípus: Cikk
Megjelent: 1981-06-16
Sorozat:Délmagyarország 71 No. 139
Kulcsszavak:városépítés, városleírás
Online Access:http://dmarchiv.bibl.u-szeged.hu/102216
LEADER 00476nab a2200157 i 4500
001 delm102216
005 20190618091613.0
008 190618s1981 hu o 0|| hun d
040 |a SZTE Délmagyarország Archívum  |b hun 
041 |a hun 
100 1 |a Halász Miklós 
245 1 0 |a Ingatlanforgalom és városépítés  |h [elektronikus dokumentum] /  |c  Halász Miklós 
260 |c 1981-06-16 
300 |a 3 
490 0 |a Délmagyarország  |v 71 No. 139 
695 |a városépítés, városleírás